[Event "Hammersmith CC op U2000"]
[Site "London"]
[Date "2022.06.05"]
[Round "4"]
[White "Sloan, Cecil"]
[Black "Sandhu, Sandeep"]
[Result "0-1"]
[WhiteElo "1683"]
[BlackElo "1473"]
[PlyCount "100"]
[EventDate "2022.06.04"]
[EventType "swiss"]
[EventRounds "5"]
[EventCountry "ENG"]
[SourceTitle "CBM 208 Extra"]
[Source "ChessBase"]
[SourceDate "2022.07.31"]
[SourceVersion "1"]
[SourceVersionDate "2022.07.31"]
[SourceQuality "1"]

1. e4 d6 2. d4 g6 3. Nf3 Bg7 4. Nc3 Nf6 5. h3 c6 6. a4 a5 7. Be3 Na6 8. Bxa6 Rxa6 9. Qd2 Qb6 10. 0-0 h6 11. e5 Nd5 12. Nxd5 cxd5 13. exd6 Qxd6 14. Rfe1 g5 15. Ne5 Bxe5 16. dxe5 Qe6 17. Bd4 Qg6 18. Ra3 0-0 19. Rg3 Kh7 20. Bc3 Rc6 21. Qxd5 Qxc2 22. Qd3+ Qxd3 23. Rxd3 Bf5 24. Rd2 Rc4 25. Bxa5 Rxa4 26. Bc3 Be6 27. Red1 Rfa8 28. Rd8 Rxd8 29. Rxd8 Rc4 30. Re8 b5 31. Ba5 Rc1+ 32. Kh2 Rc2 33. b4 Rxf2 34. Rxe7 Re2 35. Rxe6 fxe6 36. Bc7 Kg6 37. Kg3 Kf5 38. Kf3 Rc2 39. g4+ Kg6 40. Bd6 h5 41. Kg3 Rc4 42. Kf3 hxg4+ 43. hxg4 Kf7 44. Bc5 Ke8 45. Be3 Rxb4 46. Bxg5 Rd4 47. Be3 Rd5 48. Ke4 b4 49. Bd4 Kf7 50. Kd3 b3 0-1

[Event "Hammersmith CC op U2000"]
[Site "London"]
[Date "2022.06.04"]
[Round "1"]
[White "Sandhu, Sandeep"]
[Black "White, John1111"]
[Result "0-1"]
[WhiteElo "1473"]
[BlackElo "1783"]
[PlyCount "104"]
[EventDate "2022.06.04"]
[EventType "swiss"]
[EventRounds "5"]
[EventCountry "ENG"]
[SourceTitle "CBM 208 Extra"]
[Source "ChessBase"]
[SourceDate "2022.07.31"]
[SourceVersion "1"]
[SourceVersionDate "2022.07.31"]
[SourceQuality "1"]

1. Nf3 d5 2. g3 Nf6 3. Bg2 c6 4. d3 e6 5. Bg5 Be7 6. 0-0 Nbd7 7. c4 h6 8. Bd2 0-0 9. Bc3 Qc7 10. Nbd2 Re8 11. b3 Bd6 12. Qc2 e5 13. e4 d4 14. Bb2 c5 15. a4 a5 16. Nb1 Nf8 17. Na3 Bd7 18. Nb5 Bxb5 19. axb5 b6 20. Bc1 Ne6 21. Nh4 Bf8 22. Bh3 Ng5 23. Bg2 Qd7 24. Bxg5 hxg5 25. Nf3 Nh7 26. Kh1 g6 27. Ng1 Bh6 28. Bh3 g4 29. Bg2 Ng5 30. f3 gxf3 31. Bxf3 Kg7 32. Bg2 Rh8 33. Rf2 Raf8 34. Raf1 f5 35. h4 Ne6 36. exf5 gxf5 37. Rxf5 Rxf5 38. Rxf5 Nf4 39. Rxe5 Kf6 40. gxf4 Bxf4 41. Re4 Rxh4+ 42. Nh3 Rxh3+ 43. Bxh3 Qxh3+ 44. Kg1 Be3+ 45. Rxe3 Qxe3+ 46. Qf2+ Ke5 47. Qxe3+ dxe3 48. Kf1 Kd4 49. Ke2 Kc3 50. Kxe3 Kxb3 51. d4 Kxc4 52. dxc5 Kxc5 0-1

[Event "London Mill Hill op U1900"]
[Site "London"]
[Date "2022.03.27"]
[Round "4"]
[White "Sandhu, Sandeep"]
[Black "Ball, Matthew P"]
[Result "0-1"]
[WhiteElo "1360"]
[BlackElo "1579"]
[PlyCount "58"]
[EventDate "2022.03.26"]
[EventType "swiss"]
[EventRounds "5"]
[EventCountry "ENG"]
[SourceTitle "EXT 2024"]
[Source "ChessBase"]
[SourceDate "2023.10.10"]
[SourceVersion "1"]
[SourceVersionDate "2023.10.10"]
[SourceQuality "1"]

1. e4 d6 2. Bc4 Nf6 3. d3 e6 4. Nc3 d5 5. exd5 exd5 6. Bb3 c6 7. Bg5 Be7 8. Qe2 0-0 9. 0-0-0 Re8 10. Bxf6 Bxf6 11. Qd2 Na6 12. a3 Nc5 13. Ba2 b5 14. Nb1 Bf5 15. f4 Bd4 16. Qb4 Be3+ 17. Nd2 a5 18. Qxc5 Bxc5 19. Kb1 Bg4 20. Ngf3 Be3 21. h3 Bxf3 22. Nxf3 Bxf4 23. g4 b4 24. a4 Qb6 25. d4 Re2 26. Rhf1 Qc7 27. Bb3 Rae8 28. Ng1 R2e3 29. Rxf4 Qxf4 0-1

[Event "London Classic op U1825 11th"]
[Site "London"]
[Date "2019.11.30"]
[Round "3"]
[White "Sloan, Cecil"]
[Black "Sandhu, Sandeep"]
[Result "1-0"]
[WhiteElo "1661"]
[BlackElo "1413"]
[PlyCount "89"]
[EventDate "2019.11.29"]
[EventType "swiss"]
[EventRounds "5"]
[EventCountry "ENG"]
[SourceTitle "CBM 195 Extra"]
[Source "ChessBase"]
[SourceDate "2020.05.31"]
[SourceVersion "1"]
[SourceVersionDate "2020.05.31"]
[SourceQuality "1"]

1. e4 d6 2. d4 g6 3. Nf3 Bg7 4. Nc3 Nf6 5. h3 0-0 6. Be3 e5 7. dxe5 dxe5 8. Qxd8 Rxd8 9. Bc4 Nc6 10. 0-0 a6 11. Rad1 Nd7 12. Rd2 Na5 13. Bb3 Nxb3 14. axb3 c6 15. Rfd1 b5 16. Bb6 Nxb6 17. Rxd8+ Bf8 18. Nxe5 Bb7 19. Rxa8 Bxa8 20. Nd7 Nxd7 21. Rxd7 c5 22. Rd8 Bc6 23. Nd5 Kg7 24. f3 b4 25. Ne3 Be7 26. Rd1 Bf6 27. Nc4 Bd4+ 28. Rxd4 cxd4 29. Ne5 Bb5 30. Nd3 Bxd3 31. cxd3 Kf6 32. f4 g5 33. g3 h5 34. fxg5+ Kxg5 35. Kf2 h4 36. gxh4+ Kxh4 37. Kf3 Kxh3 38. e5 Kh4 39. Ke4 Kg5 40. Kxd4 Kf5 41. Kd5 Kf4 42. d4 Kf5 43. Kd6 Ke4 44. d5 Kf5 45. e6 1-0